Ultimate Riverdale Quiz - Statistics

General Stats
  • This quiz has been taken 6,950 times
  • The average score is 11 of 20
Answer Stats
Hint Answer % Correct
What is the name of the boy who was murdered in the first season of riverdale? Jason Blossom
97%
What is the name of the new girl in town? Veronica Lodge
95%
What is the name of the main gang in Riverdale? South side serpents
87%
Where does the gang meet for milkshakes? Pop's
78%
What is the name of Jughead's sister? Jellybean
73%
Who is the sheriff's son? Kevin Keller
69%
What is the name of the school that they all go to? Riverdale High
63%
What is the name of the villain in season 2? Black hood
61%
What is the drug that is dealt in the south side? Jingle Jangle
53%
What is the name of the school that Jughead gets sent to? South side high
53%
Why did Polly get sent away? She was pregnant
51%
Who murdered the boy in the first season of Riverdale? Clifford Blossom
47%
What is the music teacher called? Miss Grundy
44%
Who's mother is a secret serpent? Betty's
41%
Who is the owner of the place the gang meet for milkshakes? Pop tate
39%
What is the full name of Jughead's father? FP Jones
36%
What is the full name of the lead singer in the riverdale band? Josie McCoy
33%
What is the name of the old Blossom estate? Thornhill
31%
Where did Jughead stay before he slept in the janitor's closet? Jughead
26%
Who fired the fun at Sweet Water River on July 4th? Dilton Doiley
19%
No matching quizzes found
Score Distribution
Percent of People with Each Score
Percentile by Number Answered
Your Score History
You have not taken this quiz